000 00650nam a2200229Ia 4500
003 OSt
005 20220926005424.0
006 a|||||r|||| 00| 0
007 ta
008 220923b |||||||| |||| 00| 0 eng d
037 _cGeneral Book
040 _aRTL
_cRTL
_beng
041 _2eng
_aeng
082 _aX:8:(B2893), M0/SC
100 _aGHOSAL A Ed.
_9310272
245 0 _aApplied cybernetics and planning
260 _a New Delhi
_bSouth Asian publishers
_c1980
300 _axvi,299p.
_ccm.
490 _aSCIMA special series
942 _hX:8:(B2893), M0/SC
_cGB
_2CC
999 _c613790
_d613790